000
00248nam a22001097a 4500
082
_a
621.89 CAM'P
100
_a
CAMERON, A
_9
79082
245
_a
THE PRINCIPLES OF LUBRICATION
260
_a
NEWYORK
_b
JOHN WILEY
_c
1967
300
_a
591P
942
_c
BK
999
_c
584149
_d
584149